00487nam a22001697a 450000500170000001000150001702000260003203500140005803700130007208200080008510000280009324500670012126000300018827000540021830000250027250000200029720170609100225.0 aENG-118579 a9788120353152c595.00 aEN-102111 bDBAD/PUB a657 aBhattacharyya, Asish K. aEssentials of finacial accounting /cby Asish K. Bhattacharyya aDelhibPHI Learningc2017 a111, Patparganj Industrial EsatatebDelhie110092 aXIX,751p.c23cm(pbk) aIncludes index